[Event "HZ Chess Tournament 2023"]
[Site "Vlissingen, Netherlands"]
[Date "2023.08.05"]
[Round "1.1"]
[White "Van Wely, Loek"]
[Black "Kloppers, Eric"]
[Result "1-0"]
[WhiteElo "2644"]
[BlackElo "1847"]
[PlyCount "93"]

1. d4 f5 2. Nc3 d5 3. Bg5 Nf6 4. e3 c6 5. Nf3 e6 6. Ne5 Nbd7 7. f4 Be7 8. Bd3
O-O 9. O-O a5 10. Qf3 Ne4 11. Bxe7 Qxe7 12. Bxe4 dxe4 13. Qf2 Nxe5 14. dxe5 b5
15. Rfd1 Bb7 16. Rd6 Rfd8 17. Rad1 Kf8 18. Qd2 Ke8 19. Qd4 Rxd6 20. exd6 Qd7
21. Qc5 Rd8 22. a3 Bc8 23. b4 a4 24. Ne2 Qb7 25. Nd4 Bd7 26. Nxf5 Kf7 27. Ng3
Kg8 28. Nxe4 Rf8 29. Qg5 Qc8 30. Nc5 h6 31. Qh4 Rf7 32. h3 Qe8 33. Qh5 Qf8 34.
Qg6 Qe8 35. e4 Qc8 36. Rf1 Rf6 37. Qg3 Kh7 38. e5 Rf5 39. Qe3 g6 40. g4 Rf7 41.
Kg2 Kg7 42. f5 g5 43. f6+ Kh8 44. h4 Qg8 45. hxg5 Qg6 46. Rh1 Qxc2+ 47. Kg3 1-0

[Event "HZ Chess Tournament 2023"]
[Site "Vlissingen, Netherlands"]
[Date "2023.08.05"]
[Round "1.2"]
[White "Van Roestel, Jan"]
[Black "Ter-Sahakyan, Samvel"]
[Result "0-1"]
[WhiteElo "1846"]
[BlackElo "2604"]
[PlyCount "52"]

1. e4 c5 2. Nc3 d6 3. f4 g6 4. Nf3 Bg7 5. Bc4 Nc6 6. O-O e6 7. d3 Nge7 8. Qe1
O-O 9. Bb3 d5 10. e5 b6 11. g4 Ba6 12. a3 c4 13. dxc4 Na5 14. Ba2 Nxc4 15. Ne2
Nc6 16. c3 f6 17. Nfd4 Nxd4 18. Nxd4 Qd7 19. exf6 Rxf6 20. g5 Rf7 21. Rf3 Raf8
22. Bxc4 Bxc4 23. b3 Ba6 24. Qg3 e5 25. fxe5 Rxf3 26. Nxf3 Qf5 0-1

[Event "HZ Chess Tournament 2023"]
[Site "Vlissingen, Netherlands"]
[Date "2023.08.05"]
[Round "1.3"]
[White "Dardha, Daniel"]
[Black "Albrecht, Alex"]
[Result "1-0"]
[WhiteElo "2598"]
[BlackElo "1843"]
[PlyCount "85"]

1. e4 e6 2. Qe2 Be7 3. Nf3 d5 4. d3 Nf6 5. g3 c5 6. Bg2 Nc6 7. O-O O-O 8. e5
Nd7 9. a4 a6 10. Re1 Re8 11. h4 Rb8 12. Nbd2 b5 13. axb5 axb5 14. Nf1 Bf8 15.
Bf4 Bb7 16. h5 Ra8 17. h6 Ne7 18. Ne3 Ng6 19. hxg7 Bxg7 20. Bg5 Qc7 21. Ng4
Rxa1 22. Rxa1 Ra8 23. Rxa8+ Bxa8 24. Nf6+ Nxf6 25. exf6 Bf8 26. Qd2 e5 27. Bh6
Qd8 28. Bxf8 Qxf8 29. Qa5 Qe8 30. Qa7 c4 31. Ng5 Bc6 32. Qc7 Ba8 33. Bh3 Nf8
34. Be6 Nxe6 35. Nxe6 h6 36. Qe7 Bc6 37. Nc7 Qc8 38. Qxe5 Qg4 39. Nxd5 Qd1+ 40.
Kh2 Kh8 41. Qd6 Qh5+ 42. Kg1 Qd1+ 43. Kg2 1-0

[Event "HZ Chess Tournament 2023"]
[Site "Vlissingen, Netherlands"]
[Date "2023.08.05"]
[Round "1.4"]
[White "De Cuyper, Yago"]
[Black "Vrolijk, Liam"]
[Result "0-1"]
[WhiteElo "1842"]
[BlackElo "2517"]
[PlyCount "52"]

1. e4 c5 2. Nf3 d6 3. d4 cxd4 4. Nxd4 Nf6 5. Nc3 a6 6. Bg5 Nbd7 7. Qe2 e6 8.
O-O-O Qc7 9. f4 Be7 10. g4 h6 11. Bxf6 Bxf6 12. Bg2 g5 13. Ndb5 axb5 14. Nxb5
Qc5 15. Nxd6+ Ke7 16. e5 Bg7 17. Bxb7 Bxb7 18. Nxb7 Qb4 19. Nd6 Rxa2 20. c3
Ra1+ 21. Kc2 Qa4+ 22. Kd2 Qxf4+ 23. Kc2 Qa4+ 24. Kd2 Rxd1+ 25. Rxd1 Nxe5 26.
Kc1 Rd8 0-1

[Event "HZ Chess Tournament 2023"]
[Site "Vlissingen, Netherlands"]
[Date "2023.08.05"]
[Round "1.5"]
[White "Krasenkow, Michal"]
[Black "Welten, Hans"]
[Result "1-0"]
[WhiteElo "2524"]
[BlackElo "1828"]
[PlyCount "55"]

1. Nf3 c5 2. c4 Nf6 3. Nc3 Nc6 4. d4 cxd4 5. Nxd4 g6 6. e4 d6 7. Be2 Bg7 8. Be3
O-O 9. O-O Bd7 10. f4 Qc8 11. Kh1 Bg4 12. Bxg4 Nxg4 13. Bg1 Nxd4 14. Bxd4 Bxd4
15. Qxd4 Qc5 16. Qxc5 dxc5 17. Rf3 Rfd8 18. h3 Nf6 19. e5 Ne8 20. f5 Rd4 21.
Nd5 e6 22. fxe6 fxe6 23. Ne7+ Kg7 24. Raf1 Rad8 25. Rf7+ Kh6 26. Ng8+ Kg5 27.
Rxh7 Rxc4 28. Nh6 1-0

[Event "HZ Chess Tournament 2023"]
[Site "Vlissingen, Netherlands"]
[Date "2023.08.05"]
[Round "1.6"]
[White "Baete, Guy"]
[Black "Schoppen, Casper"]
[Result "0-1"]
[WhiteElo "1816"]
[BlackElo "2498"]
[PlyCount "36"]

1. d4 Nf6 2. Nc3 d5 3. Bg5 Nbd7 4. g3 h6 5. Bxf6 Nxf6 6. Bg2 c5 7. dxc5 e6 8.
e3 Bxc5 9. Qe2 O-O 10. Nf3 Bb4 11. O-O Bxc3 12. bxc3 Qc7 13. c4 dxc4 14. Rfd1
e5 15. Nd2 Bg4 16. f3 Be6 17. e4 Rfd8 18. Nf1 c3 0-1

[Event "HZ Chess Tournament 2023"]
[Site "Vlissingen, Netherlands"]
[Date "2023.08.05"]
[Round "1.7"]
[White "Ghazarian, Kirk"]
[Black "Leentjens, Gilbert"]
[Result "1-0"]
[WhiteElo "2469"]
[BlackElo "1814"]
[PlyCount "67"]

1. Nf3 Nf6 2. c4 g6 3. Nc3 d5 4. cxd5 Nxd5 5. h4 h5 6. Qb3 c6 7. Ng5 Qb6 8.
Nxd5 Qxb3 9. Nc7+ Kd7 10. axb3 Kxc7 11. Nxf7 Rg8 12. Ng5 Na6 13. d3 Nb4 14.
Bf4+ Kb6 15. O-O-O a5 16. e4 a4 17. d4 Bh6 18. Bd2 c5 19. Bc4 Rf8 20. dxc5+
Kxc5 21. Kb1 b5 22. Rc1 bxc4 23. Rxc4+ Kd6 24. Bxb4+ Kd7 25. Rd1+ Ke8 26. Rc7
Bxg5 27. hxg5 Rf7 28. bxa4 Be6 29. a5 Rb8 30. Rd4 h4 31. a6 h3 32. gxh3 Bxh3
33. a7 Ra8 34. Rb7 1-0

[Event "HZ Chess Tournament 2023"]
[Site "Vlissingen, Netherlands"]
[Date "2023.08.05"]
[Round "1.8"]
[White "Niewenhuis, Ruud"]
[Black "Ikonnikov, Vyacheslav"]
[Result "0-1"]
[WhiteElo "1813"]
[BlackElo "2467"]
[PlyCount "58"]

1. e4 c5 2. Nf3 a6 3. c4 d6 4. d4 Bg4 5. dxc5 Bxf3 6. Qxf3 dxc5 7. Nc3 Nc6 8.
Be3 e6 9. Rd1 Nd4 10. Bxd4 cxd4 11. a3 Qb6 12. Ne2 Qxb2 13. Qd3 Qxa3 14. Nxd4
Qa5+ 15. Ke2 Rd8 16. Qb3 Bc5 17. Nf3 Rxd1 18. Kxd1 Qa1+ 19. Ke2 Nf6 20. g3 Nxe4
21. Bg2 Qa5 22. Qxb7 Qa2+ 23. Kd3 O-O 24. Qxe4 Rd8+ 25. Kc3 a5 26. Rb1 Bb4+ 27.
Rxb4 axb4+ 28. Kxb4 Rb8+ 29. Kc3 Qb2+ 0-1

[Event "HZ Chess Tournament 2023"]
[Site "Vlissingen, Netherlands"]
[Date "2023.08.05"]
[Round "1.9"]
[White "Leenhouts, Koen"]
[Black "De Kruik, Yorick"]
[Result "1-0"]
[WhiteElo "2446"]
[BlackElo "1810"]
[PlyCount "43"]

1. d4 Nf6 2. c4 e6 3. Nc3 Bb4 4. a3 Bxc3+ 5. bxc3 c5 6. e3 d6 7. Bd3 Nc6 8. Ne2
e5 9. e4 cxd4 10. cxd4 exd4 11. O-O Ne5 12. Nxd4 O-O 13. Rb1 Qc7 14. Bg5 Nfd7
15. Be2 Nb6 16. Nb5 Qc6 17. Qxd6 Nexc4 18. Qxc6 bxc6 19. Nc7 Rb8 20. Bxc4 Rb7
21. Be7 Rxc7 22. Bxf8 1-0

[Event "HZ Chess Tournament 2023"]
[Site "Vlissingen, Netherlands"]
[Date "2023.08.05"]
[Round "1.10"]
[White "Hematyar, Fardin"]
[Black "Zwirs, Nico"]
[Result "0-1"]
[WhiteElo "1810"]
[BlackElo "2443"]
[PlyCount "44"]

1. e4 c5 2. c3 d5 3. exd5 Qxd5 4. d4 g6 5. Be2 cxd4 6. cxd4 Bg7 7. Nf3 Nf6 8.
Nc3 Qa5 9. O-O O-O 10. Qb3 Nc6 11. Rd1 Qb4 12. Qxb4 Nxb4 13. a3 Nbd5 14. Bg5 h6
15. Bh4 Nxc3 16. bxc3 g5 17. Bg3 Ne4 18. Rac1 Nxg3 19. hxg3 Be6 20. Nd2 Rac8
21. f4 gxf4 22. gxf4 Rxc3 0-1

[Event "HZ Chess Tournament 2023"]
[Site "Vlissingen, Netherlands"]
[Date "2023.08.05"]
[Round "1.12"]
[White "Kriens, Hans"]
[Black "Pfreundt, Jakob"]
[Result "0-1"]
[WhiteElo "1806"]
[BlackElo "2427"]
[PlyCount "110"]

1. d4 d5 2. c4 e6 3. Nc3 Nf6 4. Nf3 Nbd7 5. a3 c6 6. cxd5 exd5 7. g3 Be7 8. Bg2
O-O 9. O-O Re8 10. Qc2 Nb6 11. e3 g6 12. b3 Bf5 13. Qb2 Qc8 14. a4 a5 15. Bd2
Bh3 16. Rac1 Qf5 17. Qc2 Qh5 18. Bxh3 Qxh3 19. Ne2 Bd6 20. Nf4 Qd7 21. Nd3 Ne4
22. Kg2 Qe7 23. h4 Nd7 24. Rh1 h6 25. Rcg1 Qe6 26. Be1 Qf5 27. Qe2 Re7 28. Nh2
Nef6 29. f3 h5 30. Bf2 c5 31. Nxc5 Nxc5 32. dxc5 Bxc5 33. g4 hxg4 34. Nxg4 Nxg4
35. fxg4 Qe4+ 36. Qf3 Bxe3 37. Re1 d4 38. Bxe3 dxe3 39. Qxe4 Rxe4 40. Kf3 Rae8
41. Re2 Rb4 42. Rhe1 Ree4 43. h5 g5 44. Rxe3 Rf4+ 45. Ke2 Rxg4 46. Rh1 Rge4 47.
Rxe4 Rxe4+ 48. Kf3 Rb4 49. h6 Kh7 50. Kg3 b6 51. Rf1 Kg6 52. h7 Rh4 53. Rd1
Kxh7 54. Rd5 Rb4 55. Rxg5 Rxb3+ 0-1

[Event "HZ Chess Tournament 2023"]
[Site "Vlissingen, Netherlands"]
[Date "2023.08.05"]
[Round "1.13"]
[White "Maatman, Nick"]
[Black "Lucas, Fred"]
[Result "1-0"]
[WhiteElo "2362"]
[BlackElo "1805"]
[PlyCount "71"]

1. d4 Nf6 2. c4 c5 3. d5 b5 4. cxb5 a6 5. bxa6 g6 6. Nc3 Bxa6 7. Nf3 Bg7 8. e4
Bxf1 9. Kxf1 d6 10. g3 O-O 11. Kg2 Nbd7 12. a4 Ra6 13. Re1 Ng4 14. Ra3 Nge5 15.
Nxe5 Nxe5 16. Qe2 c4 17. Bd2 Qa8 18. Rb1 Rb8 19. Be3 Rb7 20. Bd4 Rc7 21. Qc2
Rc8 22. Rba1 h5 23. h4 Qb7 24. Qe2 Qd7 25. b4 Nd3 26. Bxg7 Kxg7 27. Nd1 Rb8 28.
b5 Ra5 29. Ne3 Qc7 30. Qd2 Kg8 31. Qc3 Rc8 32. Rb1 Qb6 33. Ra2 Qa7 34. Rba1 Rc5
35. Nxc4 Ne5 36. Qxa5 1-0

[Event "HZ Chess Tournament 2023"]
[Site "Vlissingen, Netherlands"]
[Date "2023.08.05"]
[Round "1.14"]
[White "Bielawa, Jaro Maximilian"]
[Black "Pham, Khoi"]
[Result "0-1"]
[WhiteElo "1802"]
[BlackElo "2361"]
[PlyCount "54"]

1. e4 c5 2. Nf3 d6 3. Bc4 Nf6 4. e5 dxe5 5. Nxe5 e6 6. Bb5+ Nbd7 7. Nxd7 Bxd7
8. Bxd7+ Qxd7 9. d3 Be7 10. Nc3 O-O 11. Be3 Rfd8 12. Qf3 b5 13. Bg5 h6 14. Bh4
Qd4 15. Bxf6 Bxf6 16. O-O b4 17. Na4 c4 18. Rad1 c3 19. b3 Qd6 20. Rfe1 Bd4 21.
Re4 e5 22. Rde1 f5 23. Rh4 Rf8 24. Re2 Rae8 25. g4 fxg4 26. Qxg4 Re6 27. Qe4
Ref6 0-1

[Event "HZ Chess Tournament 2023"]
[Site "Vlissingen, Netherlands"]
[Date "2023.08.05"]
[Round "1.15"]
[White "Van Delft, Merijn"]
[Black "Godding, Mick"]
[Result "1-0"]
[WhiteElo "2369"]
[BlackElo "1802"]
[PlyCount "35"]

1. e4 d5 2. exd5 Nf6 3. Bb5+ Nbd7 4. d4 Nxd5 5. Nf3 c6 6. Be2 e6 7. O-O Bd6 8.
Re1 O-O 9. c4 Nf4 10. Bf1 Qf6 11. Nc3 e5 12. Ne4 Qg6 13. Qd2 Nf6 14. Nxd6 Nh3+
15. Kh1 Ng4 16. gxh3 Qxd6 17. hxg4 Bxg4 18. Nxe5 1-0

[Event "HZ Chess Tournament 2023"]
[Site "Vlissingen, Netherlands"]
[Date "2023.08.05"]
[Round "1.16"]
[White "Goverde, Ruud"]
[Black "Grutter, Tim"]
[Result "0-1"]
[WhiteElo "1788"]
[BlackElo "2349"]
[PlyCount "42"]

1. e4 c5 2. Nc3 e6 3. g3 d5 4. exd5 exd5 5. Bg2 d4 6. Ne4 f5 7. d3 Qe7 8. Nh3
fxe4 9. O-O Nf6 10. Re1 Bg4 11. Qd2 Qd7 12. Ng5 Be7 13. h3 Bh5 14. dxe4 h6 15.
e5 hxg5 16. exf6 gxf6 17. g4 Bf7 18. Qe2 Nc6 19. f4 O-O-O 20. Bd2 Bd5 21. fxg5
fxg5 0-1

[Event "HZ Chess Tournament 2023"]
[Site "Vlissingen, Netherlands"]
[Date "2023.08.05"]
[Round "1.17"]
[White "De Jong, Migchiel"]
[Black "Bon, Gijs"]
[Result "1/2-1/2"]
[WhiteElo "2313"]
[BlackElo "1787"]
[PlyCount "138"]

1. e4 c5 2. Nf3 Nc6 3. d4 cxd4 4. Nxd4 Nf6 5. Nc3 e5 6. Ndb5 d6 7. a4 a6 8. Na3
h6 9. Nc4 Nxe4 10. Nxe4 d5 11. Be3 dxc4 12. Qxd8+ Nxd8 13. Bxc4 Be6 14. Bxe6
Nxe6 15. O-O-O Rc8 16. Rd5 f6 17. Rhd1 Rd8 18. Rxd8+ Nxd8 19. Bc5 Be7 20. Bxe7
Kxe7 21. Nc5 Ke8 22. a5 Rf8 23. b4 Rf7 24. Kb2 Nc6 25. c3 Rc7 26. Ne4 Ke7 27.
g4 g6 28. Rd5 Nb8 29. h4 Nd7 30. Kb3 f5 31. gxf5 gxf5 32. Nc5 Nxc5+ 33. bxc5
Kf6 34. Rd6+ Kg7 35. Kc4 e4 36. Kd5 Re7 37. c6 bxc6+ 38. Kxc6 f4 39. c4 e3 40.
fxe3 fxe3 41. Rd1 Kf6 42. c5 Ke5 43. Re1 Re6+ 44. Kd7 Kd5 45. Rd1+ Ke5 46. c6
e2 47. Re1 Rd6+ 48. Kc7 Rd2 49. Kb7 Kd6 50. c7 Rb2+ 51. Kc8 Rc2 52. Kd8 Rxc7
53. Rxe2 Rc5 54. Rg2 Rxa5 55. Rg6+ Ke5 56. Rxh6 Kf4 57. Kc7 Ra1 58. Rh8 a5 59.
h5 a4 60. h6 Kg5 61. h7 Kg6 62. Kb6 a3 63. Ra8 Kxh7 64. Ra4 a2 65. Ka5 Kg6 66.
Ra3 Kf5 67. Ka4 Ke4 68. Kb3 Rb1+ 69. Kxa2 Rb8 1/2-1/2

[Event "HZ Chess Tournament 2023"]
[Site "Vlissingen, Netherlands"]
[Date "2023.08.05"]
[Round "1.18"]
[White "De Feijter, David"]
[Black "Rodriguez Fontecha, Marcos"]
[Result "0-1"]
[WhiteElo "1781"]
[BlackElo "2309"]
[PlyCount "44"]

1. f4 d5 2. Nf3 Nf6 3. g3 c5 4. Bg2 g6 5. O-O Bg7 6. d3 O-O 7. Nbd2 Nc6 8. e4
e6 9. e5 Nd7 10. c3 b5 11. d4 b4 12. h4 Ba6 13. Re1 bxc3 14. bxc3 Rb8 15. Nb3
cxd4 16. cxd4 Qe7 17. Bf1 Bc4 18. Nfd2 Qb4 19. Qc2 Bxb3 20. Qxc6 Ba4 21. Qa6
Qxd4+ 22. Kh2 Nc5 0-1

[Event "HZ Chess Tournament 2023"]
[Site "Vlissingen, Netherlands"]
[Date "2023.08.05"]
[Round "1.19"]
[White "Rijnaarts, Sjef"]
[Black "Van de Breevaart, Rick"]
[Result "1-0"]
[WhiteElo "2299"]
[BlackElo "1779"]
[PlyCount "31"]

1. e4 c6 2. d4 d5 3. Nd2 dxe4 4. Nxe4 Nf6 5. Nxf6+ exf6 6. Be3 Bd6 7. Bd3 Qe7
8. Ne2 O-O 9. c4 Bb4+ 10. Kf1 Bg4 11. Qc2 Kh8 12. Nf4 Bd6 13. h3 Bxf4 14. hxg4
Bxe3 15. Rxh7+ Kg8 16. Re1 1-0

[Event "HZ Chess Tournament 2023"]
[Site "Vlissingen, Netherlands"]
[Date "2023.08.05"]
[Round "1.20"]
[White "Kuiper, Willem"]
[Black "Eidelman, Gabriel"]
[Result "0-1"]
[WhiteElo "1775"]
[BlackElo "2296"]
[PlyCount "64"]

1. e4 c5 2. Nf3 Nc6 3. b4 Nxb4 4. c3 Nc6 5. d4 d5 6. exd5 Qxd5 7. c4 Qe4+ 8.
Be3 cxd4 9. Bd3 Qe6 10. Ng5 Qe5 11. Nf3 Qa5+ 12. Bd2 Qd8 13. O-O e6 14. Qc2 Nf6
15. c5 h6 16. Bb5 Qd5 17. Bb4 Be7 18. Re1 Nd7 19. Bxc6 bxc6 20. Nbd2 O-O 21.
Nb3 Bf6 22. Rad1 e5 23. Nbd2 Ba6 24. Qf5 g6 25. Qh3 Bg7 26. Ne4 f5 27. Nc3 Qf7
28. Ne2 Bxe2 29. Rxe2 Qc4 30. Rb2 Rfb8 31. Nd2 Qd5 32. Rdb1 a5 0-1

[Event "HZ Chess Tournament 2023"]
[Site "Vlissingen, Netherlands"]
[Date "2023.08.05"]
[Round "1.21"]
[White "Grochal, Joey"]
[Black "Kompaan, Rick"]
[Result "1-0"]
[WhiteElo "2280"]
[BlackElo "1771"]
[PlyCount "39"]

1. d4 d5 2. c4 c6 3. Nf3 Nf6 4. Nc3 e6 5. e3 Be7 6. Qc2 O-O 7. b3 h6 8. Be2
dxc4 9. bxc4 c5 10. O-O cxd4 11. exd4 b6 12. Rd1 Bb7 13. d5 exd5 14. cxd5 Qc7
15. Qb3 a6 16. Be3 Nbd7 17. Rac1 Qd6 18. Nd4 Nc5 19. Qb2 Nxd5 20. Nf5 1-0

[Event "HZ Chess Tournament 2023"]
[Site "Vlissingen, Netherlands"]
[Date "2023.08.05"]
[Round "1.22"]
[White "Kools, Jasper"]
[Black "Ciolek, Andreas"]
[Result "0-1"]
[WhiteElo "1770"]
[BlackElo "2273"]
[PlyCount "50"]

1. d4 Nf6 2. Nc3 d5 3. Bf4 g6 4. Nf3 Bg7 5. h3 O-O 6. e3 c5 7. Nb5 Na6 8. c3
Bf5 9. Bd3 Ne4 10. g4 Bd7 11. a4 Nf6 12. Be5 c4 13. Be2 Qb6 14. b3 Bxb5 15.
axb5 Qxb5 16. Nd2 Rfc8 17. bxc4 dxc4 18. Qa4 Qxa4 19. Rxa4 Nd5 20. Bxc4 Nxc3
21. Ra3 Bxe5 22. dxe5 Nb1 23. Ra1 Nxd2 24. Bxa6 Nb3 25. Ra3 bxa6 0-1

[Event "HZ Chess Tournament 2023"]
[Site "Vlissingen, Netherlands"]
[Date "2023.08.05"]
[Round "1.23"]
[White "De Boer, Eelke"]
[Black "Van Driel, Eric"]
[Result "1-0"]
[WhiteElo "2270"]
[BlackElo "1770"]
[PlyCount "47"]

1. e4 c6 2. d4 d5 3. Nd2 dxe4 4. Nxe4 Nf6 5. Nxf6+ exf6 6. c3 Bd6 7. Bd3 O-O 8.
Qc2 Re8+ 9. Ne2 h6 10. O-O Nd7 11. Ng3 Qc7 12. Bd2 Nf8 13. Rfe1 Bg4 14. Bf5
Bxf5 15. Qxf5 Re6 16. Qg4 Bxg3 17. hxg3 Qd7 18. Qh5 Rae8 19. Be3 Ng6 20. c4 Re4
21. Qa5 a6 22. Qc3 Qe6 23. Rad1 f5 24. Kf1 1-0

[Event "HZ Chess Tournament 2023"]
[Site "Vlissingen, Netherlands"]
[Date "2023.08.05"]
[Round "1.24"]
[White "Den Heijer, Rolinde"]
[Black "Van der Hagen, Loek"]
[Result "1/2-1/2"]
[WhiteElo "1769"]
[BlackElo "2269"]
[PlyCount "126"]

1. e4 g6 2. d4 Bg7 3. Nf3 d6 4. Bd3 Nf6 5. O-O O-O 6. h3 c5 7. d5 b5 8. Bxb5
Nxe4 9. Bd3 Nf6 10. c4 e6 11. Nc3 exd5 12. cxd5 Nbd7 13. Bf4 Nb6 14. Nb5 Ne8
15. Bg5 Qd7 16. Nc3 c4 17. Be2 Bb7 18. Nd2 Rc8 19. Re1 Nxd5 20. Bxc4 Nxc3 21.
bxc3 Qc6 22. Bf1 Nc7 23. Rc1 d5 24. c4 Ne6 25. Bh4 d4 26. Ne4 f5 27. Nd2 g5 28.
Bg3 f4 29. Bh2 h6 30. f3 Nc5 31. Nb3 Nxb3 32. axb3 Rfe8 33. Qd2 Re3 34. Kh1
Rxb3 35. Bd3 Rc3 36. Rb1 Ba6 37. Re7 Rxd3 38. Qxd3 Bxc4 39. Rxg7+ Kxg7 40.
Qxd4+ Kg8 41. Qxa7 Bf7 42. Rb8 Rxb8 43. Qxb8+ Kg7 44. Bg1 Be6 45. Qe5+ Kg6 46.
h4 Qd5 47. Qxd5 Bxd5 48. hxg5 hxg5 49. Bd4 Kh5 50. Kg1 Bc4 51. Kf2 Kh4 52. Bf6
Kh5 53. Be5 Kg6 54. Bc7 Kf5 55. Bd6 Bd5 56. Be7 Bc6 57. Bd8 g4 58. fxg4+ Kxg4
59. Bb6 Bb7 60. Bc5 Kf5 61. Bd6 Be4 62. Bxf4 Kxf4 63. g4 Kxg4 1/2-1/2

[Event "HZ Chess Tournament 2023"]
[Site "Vlissingen, Netherlands"]
[Date "2023.08.05"]
[Round "1.25"]
[White "Syrov, Arkadi"]
[Black "Huijzer, Jacques"]
[Result "1-0"]
[WhiteElo "2263"]
[BlackElo "1767"]
[PlyCount "79"]

1. e4 c5 2. Nf3 Nc6 3. d4 cxd4 4. Nxd4 Nf6 5. Nc3 d6 6. Bg5 e6 7. Qd2 a6 8.
O-O-O Bd7 9. f4 Be7 10. Nf3 b5 11. Bxf6 Bxf6 12. Qxd6 Ra7 13. e5 Be7 14. Qd3
Qa5 15. Kb1 Rc7 16. Qe3 O-O 17. Nd2 Nb4 18. a3 Nxc2 19. Kxc2 b4 20. Nc4 Rxc4
21. Bxc4 bxc3 22. Qxc3 Qa4+ 23. Bb3 Qe4+ 24. Qd3 Qxg2+ 25. Kb1 Bb5 26. Qg3 Qb7
27. Rhg1 g6 28. h4 Rb8 29. Rd2 Bc6 30. Ka2 Bf3 31. Rd3 Be4 32. Rc3 a5 33. Qh2
Bb4 34. Rcg3 Bc5 35. Rd1 Qb6 36. Qe2 Bf5 37. Qc4 Bf2 38. Rc3 Bxh4 39. Qc7 Bd8
40. Rxd8+ 1-0

[Event "HZ Chess Tournament 2023"]
[Site "Vlissingen, Netherlands"]
[Date "2023.08.05"]
[Round "1.26"]
[White "Czappa, Fabian Alexander"]
[Black "Voege, Tobias"]
[Result "0-1"]
[WhiteElo "1766"]
[BlackElo "2257"]
[PlyCount "80"]

1. e4 c5 2. Nf3 Nc6 3. d4 cxd4 4. Nxd4 g6 5. c4 Bg7 6. Be3 Nf6 7. Nc3 Ng4 8.
Nxc6 Nxe3 9. Nxd8 Nxd1 10. Nxd1 Kxd8 11. Be2 d6 12. Rb1 a5 13. O-O Bd4 14. a4
f5 15. Bf3 Ra6 16. Ne3 Rb6 17. b3 fxe4 18. Bxe4 e6 19. Rfd1 Bc5 20. Kf1 Bd7 21.
Ke2 Ke7 22. Nc2 Bc6 23. f3 Rf8 24. Bxc6 bxc6 25. Rd3 d5 26. cxd5 cxd5 27. Nd4
Bxd4 28. Rxd4 Rfb8 29. Rd3 Rb4 30. Rc3 Kd6 31. Rbc1 Rxb3 32. Rc6+ Ke5 33. Ra6
Ra3 34. Rxa5 Rb2+ 35. Kf1 Raa2 36. Ra6 Rf2+ 37. Kg1 Rxg2+ 38. Kf1 Raf2+ 39. Ke1
Rxh2 40. Kd1 Rf1# 0-1

[Event "HZ Chess Tournament 2023"]
[Site "Vlissingen, Netherlands"]
[Date "2023.08.05"]
[Round "1.27"]
[White "Elgersma, Onno"]
[Black "Macquoy, Ruben"]
[Result "1-0"]
[WhiteElo "2256"]
[BlackElo "1764"]
[PlyCount "109"]

1. e4 e5 2. Nf3 Nf6 3. Nc3 Nc6 4. Bb5 Bc5 5. O-O d6 6. d4 exd4 7. Nxd4 Bd7 8.
Nf5 O-O 9. Bg5 Bxf5 10. exf5 h6 11. Bh4 d5 12. Bxf6 Qxf6 13. Qxd5 Bb6 14. Bxc6
bxc6 15. Qf3 Rad8 16. Rad1 Rfe8 17. g4 Qe5 18. Kg2 Rxd1 19. Rxd1 h5 20. h3 Bc5
21. Qg3 hxg4 22. hxg4 Qe7 23. Rh1 Qg5 24. Qh3 f6 25. Qf3 Qd2 26. Rf1 Qxc2 27.
Qxc6 Re5 28. Qxc7 Bb6 29. Qc8+ Kf7 30. Qb7+ Kf8 31. Qf3 Re3 32. Qc6 Re1 33.
Qc8+ Kf7 34. Qc4+ Kf8 35. Qb4+ Kg8 36. Qb3+ Qxb3 37. axb3 Re5 38. Rd1 Kf7 39.
Kf3 Ke8 40. Nd5 Bd8 41. Nf4 Re7 42. Ne6 Bb6 43. Rh1 Kf7 44. Rh8 Rxe6 45. fxe6+
Kxe6 46. Re8+ Kf7 47. Re2 g5 48. Ke4 Ke6 49. Rc2 Kd6 50. Kf5 Ke7 51. f3 Bd4 52.
Rc4 Bb6 53. Re4+ Kf7 54. Re6 Bd4 55. Rd6 1-0

[Event "HZ Chess Tournament 2023"]
[Site "Vlissingen, Netherlands"]
[Date "2023.08.05"]
[Round "1.28"]
[White "Mostertman, Johan"]
[Black "Smeets, Kobe"]
[Result "0-1"]
[WhiteElo "1763"]
[BlackElo "2245"]
[PlyCount "105"]

1. Nf3 d5 2. d4 Nf6 3. Bf4 Nc6 4. e3 e6 5. c4 dxc4 6. Bxc4 Bb4+ 7. Nbd2 O-O 8.
O-O Re8 9. Bb3 h6 10. h3 Bd6 11. Ne5 Bxe5 12. dxe5 Nd5 13. Bg3 Qe7 14. Rc1 Bd7
15. Ne4 Rad8 16. Qg4 Nxe5 17. Bxe5 f5 18. Qg6 fxe4 19. Qxe4 Bc6 20. Bc2 Nf6 21.
Qg6 Rd5 22. Bf4 Qf7 23. Qxf7+ Kxf7 24. Bxc7 Rg5 25. f3 Bb5 26. Bf4 Rd5 27. Rf2
Red8 28. Bb3 R5d7 29. e4 Bc6 30. Be3 a6 31. Bb6 Re8 32. Rd1 Rxd1+ 33. Bxd1 Nd7
34. Bd4 Rd8 35. Rd2 Nc5 36. Kf1 Bb5+ 37. Be2 e5 38. Bc3 Rxd2 39. Bxd2 Bxe2+ 40.
Kxe2 Ke6 41. Bb4 Nd7 42. g3 g6 43. f4 h5 44. Bc3 exf4 45. gxf4 Nc5 46. Ke3 Nd7
47. Bd4 Nb8 48. Kf3 Nc6 49. Bc3 Ne7 50. Kg3 b6 51. Kh4 b5 52. Kg5 Kf7 53. f5
0-1

[Event "HZ Chess Tournament 2023"]
[Site "Vlissingen, Netherlands"]
[Date "2023.08.05"]
[Round "1.30"]
[White "Vos de Wael, Alexander"]
[Black "Bezemer, Arno"]
[Result "0-1"]
[WhiteElo "1760"]
[BlackElo "2223"]
[PlyCount "78"]

1. d4 Nf6 2. c4 e6 3. Nf3 b6 4. a3 Bb7 5. Nc3 Ne4 6. d5 Nxc3 7. bxc3 Be7 8. e4
O-O 9. Be2 d6 10. Be3 Nd7 11. O-O e5 12. Nd2 Bg5 13. f4 exf4 14. Bxf4 Nc5 15.
Kh1 Bxf4 16. Rxf4 Qe7 17. Bg4 Nd3 18. Rf3 Ne5 19. Rg3 a5 20. Bf5 g6 21. Qh5 Kh8
22. Qh6 Rg8 23. Bg4 Ba6 24. Be2 Raf8 25. Nf3 Bc8 26. Qf4 f6 27. Rf1 Ba6 28. Nd4
Bc8 29. Nf3 Qe8 30. Qc1 Qa4 31. Nd2 f5 32. exf5 Rxf5 33. Rxf5 Bxf5 34. Bd1 Qd7
35. Bc2 Rf8 36. h3 Bxc2 37. Qxc2 Rf2 38. Qd1 Qf5 39. Nf3 Qf4 0-1

[Event "HZ Chess Tournament 2023"]
[Site "Vlissingen, Netherlands"]
[Date "2023.08.05"]
[Round "1.31"]
[White "Labruyere, Roger"]
[Black "Blom, Huub"]
[Result "1-0"]
[WhiteElo "2207"]
[BlackElo "1759"]
[PlyCount "85"]

1. e4 e6 2. d4 d5 3. Nd2 Be7 4. Bd3 c5 5. dxc5 Bxc5 6. Ngf3 Nc6 7. O-O Nge7 8.
exd5 exd5 9. Nb3 Bd6 10. c3 Bf5 11. Bxf5 Nxf5 12. Re1+ Nfe7 13. Nbd4 O-O 14.
Nb5 Re8 15. Bg5 a6 16. Nxd6 Qxd6 17. Qd3 Qg6 18. Rad1 Qxd3 19. Rxd3 f6 20. Be3
Rad8 21. Bb6 Rd7 22. a3 Kf7 23. c4 Nc8 24. Be3 Red8 25. Red1 Ke6 26. c5 Ne5 27.
Nd4+ Kf7 28. Rc3 Nc6 29. b4 Nxd4 30. Bxd4 Ne7 31. f3 Nc6 32. Kf2 Re8 33. Rcd3
Red8 34. Re3 Re7 35. Rxe7+ Kxe7 36. f4 Kd7 37. Ba1 Ne7 38. a4 Kc6 39. Re1 Rd7
40. g4 a5 41. Re6+ Kc7 42. b5 Nc8 43. Bc3 1-0

[Event "HZ Chess Tournament 2023"]
[Site "Vlissingen, Netherlands"]
[Date "2023.08.05"]
[Round "1.32"]
[White "De Feijter, Niels"]
[Black "Tiggelman, Rene"]
[Result "1/2-1/2"]
[WhiteElo "1752"]
[BlackElo "2201"]
[PlyCount "108"]

1. c4 e6 2. e4 c5 3. Nc3 Nc6 4. Nge2 Nf6 5. d3 d5 6. Bf4 d4 7. Nb5 e5 8. Bd2
Be7 9. g3 h5 10. h4 Ng4 11. f4 a6 12. Na3 Ne3 13. Bxe3 dxe3 14. f5 Nd4 15. Nc3
g6 16. Nc2 Nxc2+ 17. Qxc2 gxf5 18. exf5 Bxf5 19. O-O-O Rg8 20. Ne2 Qc7 21. Bg2
O-O-O 22. Bd5 Bg4 23. Rhg1 Rgf8 24. Rdf1 f6 25. Nc3 Qa5 26. Re1 e2 27. a3 b5
28. Nxe2 b4 29. a4 Rd6 30. b3 f5 31. Rh1 Bf6 32. Kb1 Bg7 33. Ng1 Qd8 34. Qg2
Qf6 35. Ka2 Rfd8 36. Nf3 e4 37. dxe4 fxe4 38. Ng5 Bf3 39. Nxf3 exf3 40. Qf2 Qd4
41. Qxd4 Bxd4 42. Bxf3 Rf8 43. Bxh5 Rf2+ 44. Re2 Rdf6 45. Kb1 Kd8 46. Rhe1 Rxe2
47. Rxe2 Bf2 48. Rd2+ Ke7 49. Bd1 Bxg3 50. h5 Be5 51. Re2 Kd6 52. Rg2 a5 53.
Rg6 Rxg6 54. hxg6 Bg7 1/2-1/2